000 00818nas a2200277 4500
001 BR0705885
003 BR-BrBNA
005 20231205111207.0
007 ta
008 230509b bl.|||p| |||| 00| 00por d
040 _aBR-BrBNA
_bpor
_cBiblioteca Nacional de Agricultura
041 _a(Pt)
072 _aH20
100 1 _aRodrigues Neto, J.
100 1 _aBelasque Junior, J.
100 1 _aAmorim, L.
100 1 _aBergamin Filho, A.
245 1 _aLavra-minadora aumenta incidência do cancro cítrico
650 _aFRUTA CÍTRICA
650 _aDOENÇA DE PLANTA
650 _aCANCRO CÍTRICO
650 _aINSETICIDA BACTERIANO
773 0 _tVisão Agrícola (Brazil)
_xISSN 1806-6402
_g(Jul-Dec 2004), v. 1(2) p. 14-19
_wBR0705885
909 _a202311
_bLúcia
_c55
_dLúcia Elande
942 _2AGRIS
_n0
_cANA
999 _c191258
_d191258